000 00915nam a22002297a 4500
999 _c20295
_d20295
003 AR-CdUCM
008 190528b ||||| |||| 00| 0 spa d
040 _aMUNICIPALIDAD PROVINCIAL DEL CUSCO
_cBIBLIOTECA MUNICIPAL DEL CUSCO
041 _heng
082 _a612.9 /
_bJ31
100 _aJean Weldy, Norma
_942417
110 _aCentro Regional De Ayuda Técnica - Agencia para el Desarrollo Internacional
_916969
245 _aLíquidos y electrólitos del organismo /
260 _aBuenos Aieres :
_bMecagno, landa y cia,
_c1973.
300 _a131 páginas ;
_c23 cm.
505 _aContenido: Distribución de líquidos y electrólitos -- Equilibrio ácido base -- Desequilibrio del volumen líquido...
650 _aComportamiento de líquidos
_942418
650 _aLíquido y organismo
_942419
700 _aHormaechea, Thamara y Brainin, Kurt (traductores)
_942420
942 _2ddc
_cLIBROS
945 _aAndy